LEADER 01165nam0-2200385---45-- 001 990001007120203316 005 20060125110455.0 035 $a0100712 035 $aUSA010100712 035 $a(ALEPH)000100712USA01 035 $a0100712 100 $a20020228B1987----km-y0ITAy01------ba 101 $aita 102 $aIT 105 $aa 00||| 200 1 $aAtlante storico di Milano, cittą di Lombardia$fVirgilio Vercelloni 210 $aMilano$cOfficina d'arte grafica Lucini$d1987 215 $a197 p.$cill.$d42 cm 300 $aIn custodia 607 $aMilano$xTopografia storica 676 $a945.21 700 1$aVERCELLONI,$bVirgilio$010447 801 0$aIT$bsalbc$gISBD 912 $a990001007120203316 951 $aVII G 236$b118519 LM$cVII G 959 $aBK 969 $aUMA 979 $aPATTY$b90$c20020228$lUSA01$h1639 979 $aPATTY$b90$c20020228$lUSA01$h1640 979 $c20020403$lUSA01$h1742 979 $aPATRY$b90$c20040406$lUSA01$h1709 979 $aCOPAT5$b90$c20060125$lUSA01$h1101 979 $aCOPAT5$b90$c20060125$lUSA01$h1104 996 $aAtlante storico di Milano, cittą di Lombardia$9974505 997 $aUNISA LEADER 01259nam 2200409 450 001 9910793044103321 005 20230205090221.0 010 $a1-80034-759-6 010 $a1-909821-51-9 035 $a(CKB)4100000005599784 035 $a(MiAaPQ)EBC5485117 035 $a(EXLCZ)994100000005599784 100 $a20180823d2000 uy 0 101 0 $aeng 135 $aurcnu|||||||| 181 $ctxt$2rdacontent 182 $cc$2rdamedia 183 $acr$2rdacarrier 200 00$aIndex to volumes 1-12 /$fedited by Antony Polonsky 210 1$aOxford ;$aPortland, Oregon :$cThe Littman Library of Jewish Civilization,$d[2000] 210 4$d©2000 215 $a1 online resource (261 pages) 225 1 $aPolin : Studies in Polish Jewry 300 $a"Published for The Institute for Polish-Jewish Studies and The American Association for Polish-Jewish Studies." 311 $a1-874774-68-4 410 0$aPolin (Series).$x0268-1056 606 $aJews$zPoland$xHistory 615 0$aJews$xHistory. 676 $a943.8004924 702 $aPolonsky$b Antony 801 0$bMiAaPQ 801 1$bMiAaPQ 801 2$bMiAaPQ 906 $aBOOK 912 $a9910793044103321 996 $aIndex to volumes 1-12$93815741 997 $aUNINA